00751nam a2200217 i 450000100060000000300090000600500170001500700030003200800410003510000390007624500590011525000150017426000500018930000210023949000470026083000470030785200320035494200080038699900170039495201220041149940ES-MaACL20240510063039.0t|030725s1964 sp ||||1| spa d1 aCrespo, Ángel,d1926-199594151310aCartas desde un pozo b: (1957-1963) / cAngel Crespo. a[1ª ed.]. aSantander : bLa Isla de los Ratones, c1964. a72 p. ; c17 cm.1 aColección "Poetas de Hoy" ; v379189058 aColección "Poetas de Hoy" ; v379189058 aES-MaACLjC-26118 bR.54363 2udc c49940d49940 00104070aATENEOMbATENEOMcDEPO2d2008-01-17eSCl0oC-26118p1052538r2023-02-23 00:00:00w2023-02-23yMONOGRAFIA